Loading...
| Science - Chemistry | 0 | 8 | 0 | 0 | 80 | 13 | 37.38 | 6 | 6 | 24.77 | 36.69 |
| Science - Physics | 0 | 7 | 0 | 1 | 70 | 22 | 48.57 | 3 | 5 | 18.99 | 28.49 |
| Science - Biology | 0 | 6 | 0 | 0 | 60 | 8 | 41.83 | 3 | 6 | 15.62 | 23.13 |
| Science - Other | 0 | 4 | 0 | 1 | 40 | 39 | 67.00 | 1 | 2 | 7.54 | 11.77 |
| History - Other | 0 | 2 | 0 | 0 | 20 | 68 | 73.50 | 1 | 2 | 3.03 | 7.95 |
| Mythology | 0 | 2 | 0 | 1 | 20 | 55 | 83.50 | 0 | 0 | 2.50 | 3.41 |
| Philosophy | 0 | 2 | 0 | 0 | 20 | 93 | 93.00 | 1 | 1 | 2.48 | 8.16 |
| Literature - British | 0 | 2 | 0 | 0 | 20 | 58 | 83.00 | 1 | 1 | 2.79 | 6.49 |
| Social Science | 0 | 1 | 0 | 0 | 10 | 58 | 58.00 | 0 | 1 | 2.37 | 3.47 |
| Fine Arts - Classical Music | 0 | 1 | 0 | 0 | 10 | 49 | 49.00 | 1 | 1 | 2.87 | 3.90 |
| Fine Arts - Other | 0 | 1 | 0 | 1 | 10 | 124 | 124.00 | 0 | 0 | 0.07 | 0.57 |
| Pop Culture | 0 | 1 | 0 | 0 | 10 | 59 | 59.00 | 0 | 1 | 4.02 | 6.25 |
| Religion | 0 | 1 | 0 | 0 | 10 | 80 | 80.00 | 0 | 1 | 1.27 | 3.98 |
| Current Events | 0 | 1 | 0 | 0 | 10 | 42 | 42.00 | 0 | 1 | 5.12 | 6.25 |